000 00750cam a22002411 4500
001 sa 68006616
003 DLC
005 20260227112517.0
008 820727s1968 ii b 000 0 hinr
010 _asa 68006616
035 _a(OCoLC)8635529
040 _aDLC
_cNcD
_dNcD
_dDLC
042 _apremarc
050 0 0 _aPK1967.2.P8
_bB7
100 1 _aPurī, Ushā,
_d1934-
245 1 0 _aBraja-bhāshā-kāvya meṃ Rādhā.
_c[Lekhikā] Ushā Purī. Bhūmikā: Hajārīprasāda Dvivedī.
260 _aNaī Dillī,
_bSañjīva Prakāśana
_c[1968].
300 _a128 p.
_c22 cm.
500 _aIn Hindi.
504 _aBibliography: p. [123]-128.
650 0 _aBraj poetry
_xHistory and criticism.
650 0 _aRādhā (Hindu deity) in literature.
999 _c81391
_d81391